Inside C# : microsoft.net (Record no. 176465)

MARC details
000 -LEADER
fixed length control field 00443nam a2200169Ia 4500
008 - FIXED-LENGTH DATA ELEMENTS--GENERAL INFORMATION
fixed length control field 231217s9999 xx 000 0 und d
041 ## - LANGUAGE CODE
Language code of text/sound track or separate title English
082 ## - DEWEY DECIMAL CLASSIFICATION NUMBER
Classification number 001.6424C ARC2;1 R
100 ## - MAIN ENTRY--PERSONAL NAME
Personal name Archer, Tom Whitechapel, Andrew
245 #0 - TITLE STATEMENT
Title Inside C# : microsoft.net
250 ## - EDITION STATEMENT
Edition statement 2nd ed.
260 ## - PUBLICATION, DISTRIBUTION, ETC.
Date of publication, distribution, etc. 2002
Name of publisher, distributor, etc. WP Publishers
Place of publication, distribution, etc. Bangalore
300 ## - PHYSICAL DESCRIPTION
Extent xxxiii+873
300 ## - PHYSICAL DESCRIPTION
Dimensions CD2360
650 ## - SUBJECT ADDED ENTRY--TOPICAL TERM
Topical term or geographic name entry element Inside,C#,:,microsoft.net
942 ## - ADDED ENTRY ELEMENTS (KOHA)
Koha item type Books
Holdings
Date last seen Total checkouts Full call number Accession number Cost, total (INR) price Price effective from Category Lost status Damaged status Department Withdrawn status Home library Current library Shelving location Entry date Vendor Cost, normal purchase price Grants Billnumber Billdate Currency symbol Conversion rate Discount Old discount
26/01/2024   001.6424C ARC2;1 R 38584 479.20 26/01/2024 Books     Central Library   Central Library Central Library Central Library 15/11/2005 Book Paradise 599.00 CS 28049 08/09/2004 RS 1 119.8 20
26/01/2024   001.6424C ARC2;2 R1 38585 479.20 26/01/2024 Books     Central Library   Central Library Central Library Library Annex 15/11/2005 Book Paradise 599.00 CS 28049 08/09/2004 RS 1 119.8 20
26/01/2024   001.6424C ARC2;3 38586 479.20 26/01/2024 Books     Central Library   Central Library Central Library Central Library 15/11/2005 Book Paradise 599.00 CS 28049 08/09/2004 RS 1 119.8 20
26/01/2024   001.6424C ARC2;4 38587 479.20 26/01/2024 Books     Central Library   Central Library Central Library Central Library 15/11/2005 Book Paradise 599.00 CS 28049 08/09/2004 RS 1 119.8 20
26/01/2024   001.6424C ARC2;5 38588 479.20 26/01/2024 Books     Central Library   Central Library Central Library Central Library 15/11/2005 Book Paradise 599.00 CS 28049 08/09/2004 RS 1 119.8 20

© For any Suggestions or Query, please contact the library staff @ librarian@pes.edu or Phone: +9180 2672 1983/ 2108.